媽咪小太陽
| 資料類型: | 圖書 | 書目號: | 35513 |
Leader xxxxxxxxxx 001 __ PCLIS00035513 005 __ 20220222155606.0 010 0_ |a986-133-083-6|b精裝|dNT$299 100 __ |a20051007d2005 m y0chiy09 e 101 0_ |achi 102 __ |atw 105 __ |aa a 000cy 200 1_ |a媽咪小太陽|dMy dearest mommy|f光禹作 205 __ |a典藏版 210 __ |a臺北市|c圓神出版|c叩應總經銷|d2005[民94] 215 0_ |a[8],265,[6]面|c圖|d22公分|e1 CD 225 1_ |a光禹系列精裝典藏版|v001 225 1_ |a光禹系列|v1 300 __ |a本館館藏典藏版序號為第09741號 510 1_ |aMy dearest mommy|zeng 681 __ |a855|b865 681 __ |a855|b9020 88 700 _1 |a光禹|4作 801 _0 |atw|b內湖高中|c20051007|gCCR |